[Event "Mexico City Independence Cup 11th"]
[Site "Mexico City"]
[Date "2022.09.16"]
[Round "4"]
[White "Guzman Cruz, Jesus Antonio"]
[Black "Estrada Nieto, Julian"]
[Result "1/2-1/2"]
[WhiteElo "1974"]
[BlackElo "2260"]
[PlyCount "182"]
[EventDate "2022.09.14"]
[EventType "tourn"]
[EventRounds "7"]
[EventCountry "MEX"]
[SourceTitle "CBM 210 Extra"]
[Source "ChessBase"]
[SourceDate "2022.11.30"]
[SourceVersion "1"]
[SourceVersionDate "2022.11.30"]
[SourceQuality "1"]

1. e4 e5 2. Nf3 Nc6 3. Bb5 a6 4. Ba4 Nf6 5. 0-0 Be7 6. Re1 b5 7. Bb3 d6 8. c3 0-0 9. h3 Na5 10. Bc2 c5 11. d4 Qc7 12. Nbd2 cxd4 13. cxd4 Bd7 14. Nf1 Rac8 15. Ne3 Nc6 16. d5 Nb4 17. Bb1 a5 18. a3 Na6 19. b4 axb4 20. axb4 Qb7 21. Bd2 Ra8 22. Bd3 Nc7 23. Qe2 g6 24. Ra5 Nh5 25. Nc2 Rfc8 26. Rea1 Bd8 27. g4 Nf4 28. Bxf4 exf4 29. Nfd4 Bf6 30. R1a2 Rxa5 31. bxa5 b4 32. Rb2 Qa7 33. Rxb4 Qxa5 34. Rc4 Re8 35. Qf3 Nb5 36. Nc6 Qd2 37. Qe2 Qxe2 38. Bxe2 Ra8 39. Rb4 Nc3 40. Bf3 Ra2 41. N2d4 Bxd4 42. Nxd4 Ba4 43. Rc4 Nb1 44. Rc8+ Kg7 45. Ra8 Nd2 46. Kg2 Kf6 47. h4 h6 48. Ra6 Bb3 49. Nxb3 Rxa6 50. Nxd2 Ke5 51. g5 hxg5 52. hxg5 Kd4 53. Nb3+ Ke5 54. Nd2 Kd4 55. Nb3+ Ke5 56. Nc1 Ra3 57. Ne2 Rb3 58. Ng1 Ra3 59. Kh3 Ra1 60. Ne2 Rf1 61. Kg4 Rxf2 62. Nxf4 Rd2 63. Nh3 Ra2 64. Kg3 Ra1 65. Nf2 Rg1+ 66. Bg2 Ra1 67. Ng4+ Kd4 68. Nh6 Ra3+ 69. Kf4 Ra7 70. Bf3 Ra8 71. Bg4 Rf8 72. Bf3 f6 73. gxf6 Rxf6+ 74. Kg3 Rf8 75. Ng4 Rf7 76. Bg2 Rf8 77. Nf2 Ke3 78. Nh3 Re8 79. Ng5 Kd4 80. Kf4 Rf8+ 81. Kg4 Ke5 82. Nh3 Kf6 83. Nf2 Ra8 84. Nd3 Ra2 85. Bf3 Ra1 86. Nf4 Rg1+ 87. Ng2 g5 88. Kg3 Ke5 89. Kf2 Ra1 90. Ne3 Kf4 91. Ng2+ Ke5 1/2-1/2

[Event "Mexico City Latinoamericano op 1st"]
[Site "Mexico City"]
[Date "2021.11.06"]
[Round "3"]
[White "Sainz Aguirre, Ignacio"]
[Black "Guzman Cruz, Jesus Antonio"]
[Result "0-1"]
[WhiteElo "1872"]
[BlackElo "1984"]
[PlyCount "120"]
[EventDate "2021.11.04"]
[EventType "swiss"]
[EventRounds "9"]
[EventCountry "MEX"]
[SourceTitle "EXT 2023"]
[Source "ChessBase"]
[SourceDate "2022.10.05"]
[SourceVersion "1"]
[SourceVersionDate "2022.10.05"]
[SourceQuality "1"]

1. e4 e5 2. Nf3 Nc6 3. d4 exd4 4. Bc4 Nf6 5. e5 d5 6. Bb5 Ne4 7. Nxd4 Bc5 8. Be3 Bd7 9. Bxc6 bxc6 10. 0-0 Qe7 11. f3 Ng5 12. f4 Ne4 13. Nd2 Nxd2 14. Qxd2 0-0 15. Nb3 Bb6 16. Qc3 f6 17. Bc5 fxe5 18. fxe5 Rxf1+ 19. Rxf1 Re8 20. Qd4 h6 21. Re1 Qf7 22. Qf2 Qg6 23. c3 Bf5 24. Bxb6 cxb6 25. Nd4 Be4 26. e6 c5 27. Qf7+ Qxf7 28. exf7+ Kxf7 29. Nb5 Re7 30. Nd6+ Kf6 31. Nb5 Ke5 32. g3 a6 33. Na3 Rf7 34. Nc2 b5 35. Ne3 Kd6 36. a3 a5 37. Rd1 h5 38. Rd2 g5 39. c4 bxc4 40. Nxc4+ Kc7 41. Ne3 Kc6 42. Nd1 g4 43. Nf2 Bf3 44. Nd3 Re7 45. Kf2 c4 46. Nf4 Kc5 47. h4 d4 48. Nxh5 c3 49. bxc3 dxc3 50. Rc2 Kc4 51. Nf4 Kb3 52. Rc1 c2 53. h5 Kb2 54. Nd3+ Kc3 55. Ne1 Re2+ 56. Kf1 Rh2 57. Kg1 Rh1+ 58. Kf2 Bd1 59. Nxc2 Kb2 60. Kg2 Bf3+ 0-1